000
00346nam a2200145Ia 4500
008
230718s2010 xx 000 0 und d
020
_a
978-81-239-1795-5
041
_a
eng
082
_a
617.755
100
_a
CHAUDHARY M.
245
_a
REFRACTION & LENS PRESCRIPTION
250
_a
1st Edition
260
_b
C.B.S Pub
_c
2010
300
_a
280
999
_c
703757
_d
703757